| 000 | 00817nam a22002177a 4500 | ||
|---|---|---|---|
| 003 | OSt | ||
| 005 | 20250905130722.0 | ||
| 008 | 240821b ||||| |||| 00| 0 eng d | ||
| 040 | _c0 | ||
| 082 | _aDPer 361.05 J826 January-April 2020 v. 67 n. 1-3 | ||
| 100 |
_aXu, Hui. _eauthor. _930803 |
||
| 245 |
_aThe ripple prediction of ambiguity aversion in career decision-making / _cHui Xu. |
||
| 260 |
_aWashington ; _bAmerican Psychological Association , _cJanuary 2020. |
||
| 300 |
_aVolume 67, pages 123-131 : _billustration ; _c28 cm. |
||
| 500 | _aJournal of Counseling Psychology, vol. 67, no. 1, pages 123-131, January 2020. | ||
| 650 | 0 |
_aCareer choice. _965339 |
|
| 650 | 0 |
_aDecision making physiology. _965340 |
|
| 650 | 0 |
_aJob satisfaction. _948655 |
|
| 700 |
_aXu, Hui. _eauthor. _930803 |
||
| 942 |
_2ddc _cPER |
||
| 999 |
_c20773 _d20773 |
||